000 00542cam a22001451 4500
082 _a526.9
_bHIS
_cL- tech, P-97
110 2 _aSurvey of India.
_939664
245 0 0 _aHistorical records of the Survey of India,
_ccollected and comp. by Colonel R. H. Phillimore (late Royal Engineers and Survey of India).
260 _aDehra Dun
_b(U.P.)
_c1945-
300 _av.
_billus., maps (part fold.) ports.
_c30 cm.
526 _a0
_b0
_c0
_d526_900000000000000_HIS
650 _aMCE
_9379
700 1 _aPhillimore, Reginald Henry,
_939665
942 _2ddc
_cBK
999 _c544116
_d544116